| 000 | 02212nam a2200625 i 4500 | ||
|---|---|---|---|
| 001 | 1028 | ||
| 003 | KOSZ 005 | ||
| 005 | 20200529114722.0 | ||
| 008 | 200529s1979 pl a f 000 0 pol | ||
| 015 | _aUWD 1979/6203 | ||
| 020 | _a8301008512 | ||
| 035 | _a991014950129705066 | ||
| 035 | _a(PL-WaBN)b14016412-48omnis_nlop | ||
| 035 | _ab14016412 | ||
| 035 | _a(OCoLC)749216429 | ||
| 035 | _a(PL)b0000001401641 | ||
| 035 | _a(EXLNZ-48OMNIS_NETWORK)9910150468105606 | ||
| 040 |
_aWA N _cWA N _dKOSZ 005/AR |
||
| 041 | 0 |
_apolrus _hpolrus |
|
| 080 | _a624 | ||
| 080 | _a502.5 | ||
| 080 | _a811.161.1 | ||
| 080 | _a(075.8) | ||
| 100 | 1 |
_aMurmyło, Adam _eAutor |
|
| 245 | 1 | 0 |
_aBudownictwo, ochrona środowiska : _bjęzyk rosyjski dla lektoratów / _cAdam Murmyło. |
| 246 |
_a Język rosyjski dla lektoratów : _b budownictwo, ochrona środowiska |
||
| 250 | _aWydanie 2 zmienione. | ||
| 260 |
_aWarszawa ; _a[Łódź] : _bPaństwowe Wydawnictwo Naukowe, _c1979. |
||
| 300 |
_a305, [2] strony : _bilustracje ; _c24 cm. |
||
| 336 |
_aTekst _btxt _2rdacontent |
||
| 337 |
_aBez urządzenia pośredniczącego _bn _2rdamedia |
||
| 338 |
_aWolumin _bnc _2rdacarrier |
||
| 380 | _aKsiążki | ||
| 380 | _aPublikacje dydaktyczne | ||
| 385 |
_mPoziom nauczania _aSzkolnictwo wyższe |
||
| 388 | _a1901-2000 | ||
| 388 | _a1945-1989 | ||
| 490 | 1 | _aJęzyk Rosyjski dla Lektoratów | |
| 500 | _aWydanie 1 pod tytułem: Architektura, Budownictwo lądowe i drogowe. | ||
| 504 | _aBibliografia na stronach 304-305. | ||
| 521 | 8 | _aSkrypt dla studentów politechniki. | |
| 546 | _aAlfabet cyrylica. | ||
| 650 | 7 |
_aBudownictwo _2DBN |
|
| 650 | 7 |
_aOchrona środowiska _2DBN |
|
| 650 | 7 |
_aJęzyk rosyjski _2DBN |
|
| 655 | 7 |
_aPodręczniki akademickie _2DBN |
|
| 658 | _aArchitektura i budownictwo | ||
| 658 | _aOchrona środowiska | ||
| 658 | _aJęzykoznawstwo | ||
| 710 |
_4pbl _aPaństwowe Wydawnictwo Naukowe _b Oddział (Łódź) |
||
| 830 | 0 | _aJęzyk Rosyjski dla Lektoratów | |
| 856 |
_uhttp://koha.tu.koszalin.pl/cgi-bin/koha/opac-detail.pl?biblionumber=1028 _yKatalog online BPK |
||
| 942 |
_2UKD _cKS |
||
| 999 |
_c1028 _d1028 |
||